Hablamientos y pensadurias (Registro nro. 35504)

Detalles MARC
000 -CABECERA
Longitud fija campo de control 00943cam a2200265 a 4500
003 - • IDENTIFICADOR DELl NÚMERO DE CONTROL
Identificador del número de control CO-ViMGA
005 - • FECHA Y HORA DE LA ÚLTIMA TRANSACCIÓN
Fecha y hora de la última transacción 20230915233131.0
008 - • CÓDIGOS DE INFORMACIÓN DE LONGITUD FIJA
Códigos de información de longitud fija 030601s2003 ck a r 00010aspa d
020 ## - • NÚMERO INTERNACIONAL NORMALIZADO PARA LIBROS
Número Internacional Normalizado para Libros (ISBN) 9588160367
040 ## - FUENTE DE LA CATALOGACIÓN
Centro catalogador de origen CO-ViMGA
Lengua de catalogación spa
Centro transcriptor CO-ViMGA
043 ## - CÓDIGO DE ÁREA GEOGRÁFICA
Código de área geográfica s-ck---
082 04 - • NÚMERO DE LA CLASIFICACIÓN DECIMAL DEWEY
Número de clasificación (R) 920
Número del ítem C11h
100 10 - • PUNTO DE ACCESO PRINCIPAL-NOMBRE DE PERSONA
Nombre de persona Caballero Caldern̤, Eduardo
Fechas asociadas al nombre 1910-1993
245 10 - • TITULO PROPIAMENTE DICHO
Título Hablamientos y pensadurias
Mención de responsabilidad, etc. Eduardo Caballero Caldern̤ ; editor Benjamn̕ Villegas
250 ## - • MENCIÓN DE EDICIÓN
Mención de edición 1a. ed.
300 ## - • DESCRIPCIÓN FÍSICA
Extensión 477 pg̀inas
Otras características físicas ilustraciones
Dimensiones 21 cm.
490 ## - • MENCIÓN DE SERIE
Mención de serie Villegas memorias
500 ## - • NOTA GENERAL
Nota general Donacin̤ Villegas Editores
600 14 - • PUNTO DE ACCESO ADICIONAL DE MATERIA - NOMBRE DE PERSONA
Nombre de persona Caballero Caldern̤, Eduardo
Fechas asociadas al nombre 1910-1993
Subdivisión de materia general (R ) Relatos personales
650 14 - • PUNTO DE ACCESO ADICIONAL DE MATERIA - TÉRMINO DE MATERIA
Término de materia o nombre geográfico como elemento inicial Escritores
Subdivisión de forma Biografa̕s
Fuente del encabezamiento o término LEMB
650 14 - • PUNTO DE ACCESO ADICIONAL DE MATERIA - TÉRMINO DE MATERIA
Término de materia o nombre geográfico como elemento inicial Literatura colombiana
Subdivisión de forma Colecciones de escritos
Fuente del encabezamiento o término LEMB
700 10 - • PUNTO DE ACCESO ADICIONAL - NOMBRE DE PERSONA
Nombre de persona Villegas, Benjamn̕
Fechas asociadas al nombre 1948-
Término indicativo de función editor
942 ## - ENTRADA DE ELEMENTOS AGREGADOS (KOHA)
Fuente de clasificaión o esquema Dewey Decimal Classification
Koha [por defecto] tipo de item LIbro
Existencias
Perdido Fuente de clasificación o esquema Estado Físico No para préstamo Forma de adquisición Localización permanente Localización actual Fecha adquisición Préstamos totales Signatura completa Código de barras Fecha última consulta Fecha último préstamo Número de copia Fecha del precio de reemplazo Tipo de item de Koha Número de registro
  Dewey Decimal Classification     Sala General Segundo Piso Biblioteca Pública Germán Arciniegas - Villavicencio Biblioteca Pública Germán Arciniegas - Villavicencio 05/12/2016 1 920 C11h 30056 10/18/2022 10/14/2022 Ej. 1 05/12/2016 LIbro  
  Dewey Decimal Classification       Biblioteca Pública Vistahermosa Biblioteca Pública Vistahermosa 09/28/2024   920 VIST 0001448 09/28/2024   Ej.1 09/28/2024 LIbro 920C11h









Instituto Departamental de Cultura del Meta - Red Departamental de Bibliotecas Públicas del Meta.